Normal view
MARC view
Entry Topical Term
001 - CONTROL NUMBER
- control field: 254921
003 - CONTROL NUMBER IDENTIFIER
- control field: OSt
005 - DATE AND TIME OF LATEST TRANSACTION
- control field: 20260214121420.0
008 - FIXED-LENGTH DATA ELEMENTS
- fixed length control field: 260214|| aca||aabn | a|a d
040 ## - CATALOGING SOURCE
- Original cataloging agency: OSt
- Transcribing agency: OSt
150 ## - HEADING--TOPICAL TERM
- Topical term or geographic name entry element: English Usage
670 ## - SOURCE DATA FOUND
- Source citation: Work cat.: (OSt)86577: Freeman, Sarah 254920, Written communication in english, 1977